Štyrikrát Maxim Gorkij

Bibliographic Details
Main Author: Červeňák, Andrej, 1932-2012 (Author)
Format: Article
Language:Slovak
Subjects:

MARC

LEADER 00000nab a2200000 a 4500
001 vtls000349543
003 SK-MaSNL
005 20260303185044.0
008 230223c1989 xo 0 slo
015 |a SNBRB19rr/mm-uuuuu 
035 |a CL0349665 
035 |a urn:nbn:sk:snk-ab6nq1 
035 |a (uuid)532051ca-2944-49f9-95dc-1fde24fabfaa 
035 |a (urnnbn)urn:nbn:sk:snk:ar-005nmy 
035 |a (sysno)vtls000349543 
040 |a SNKBUCL  |b slo  |c SNKBUCL  |e AACR2 
041 0 |a slo 
044 |a xo  |c SK 
080 |a 82(091):882  |2 1981 
080 |a 882  |2 1981 
080 |a 82(091)  |2 1981 
080 |a 882"19"  |2 1981 
080 |a 82  |2 1981 
080 |a 929  |2 1981 
080 |a 929 Gorkij, Maksim  |2 1981 
100 1 |a Červeňák, Andrej,  |d 1932-2012  |4 aut  |9 153402 
245 1 0 |a Štyrikrát Maxim Gorkij  |c Andrej Červeňák 
600 1 7 |a Gorkij, Maksim,  |d 1868-1936  |2 snkbucl  |9 102443 
655 7 |a články z novín a časopisov  |2 snkbucl  |9 267496 
655 7 |a články z odboru literárna veda a krásna literatúra  |2 snkbucl  |9 770045 
773 0 |t Ruštinár  |g Roč. 24, č. 3 (1989), s. 16-21 
850 |a Slovenská národná knižnica v Martine  |a MTA001 
852 |a SNK  |b KIS3GCP 
954 |a odborná, vedecká literatúra pôvodná (slovenská)  |2 lita 
958 |a RK 
958 |a LX 
958 |a OND 
958 |a EUIPO 
958 |a article27 
992 |a RBX 
999 |c 2129521  |d 2131451